自治体名に一回しか使われていない漢字からどこか当てるクイズ。 (1999年版) - Statistics

General Stats
  • This quiz has been taken 23 times
  • The average score is 103 of 339
Answer Stats
Hint Answer % Correct
弘前市
68%
ニセコ町
63%
尼崎市
63%
帯広市
63%
廿 廿日市市
63%
ニセコ町
58%
ニセコ町
58%
交野市
58%
堺市
58%
紋別市
58%
諫早市
58%
銚子市
58%
亘理町
53%
各務原市
53%
各務原市
53%
美唄市
53%
夕張市
53%
嬬恋村
53%
寝屋川市
53%
弟子屈町
53%
嵐山町
53%
弟子屈町
53%
小樽市
53%
流山市
53%
渥美町
53%
燕市
53%
狛江市
53%
練馬区
53%
沖縄市
53%
習志野市
53%
蕨市
53%
マキノ町
47%
様似町
47%
共和町
47%
我孫子市
47%
鹿嶋市
47%
嬬恋村
47%
摂津市
47%
斜里町
47%
最上町
47%
枕崎市
47%
枚方市
47%
桐生市
47%
桶川市
47%
山梨市
47%
橿 橿原市
47%
長瀞町
47%
美瑛町
47%
砺波市
47%
碧南市
47%
稚内市
47%
菰野町
47%
留萌市
47%
袋井市
47%
那覇市
47%
読谷村
47%
名護市
47%
逗子市
47%
釜石市
47%
鈴鹿市
47%
マキノ町
42%
小値賀町
42%
只見町
42%
呼子町
42%
羽咋市
42%
基山町
42%
今帰仁村
42%
久慈市
42%
敦賀市
42%
印旛村
42%
様似町
42%
美祢市
42%
塩竈市
42%
袖ケ浦市
42%
裾野市
42%
知覧町
42%
設楽町
42%
鉾田町
42%
防府市
42%
鴻巣市
42%
松伏町
37%
倶知安町
37%
宗像市
37%
初山別村
37%
江刺市
37%
友部町
37%
塙町
37%
壬生町
37%
姶良町
37%
太宰府市
37%
恵庭市
37%
弓削町
37%
新得町
37%
忍野村
37%
恩納村
37%
猿払村
37%
指宿市
37%
播磨町
37%
大曲市
37%
宇検村
37%
京極町
37%
泗水町
37%
洞爺村
37%
喜界町
37%
四條畷市
37%
新発田市
37%
天童市
37%
芽室町
37%
薩摩町
37%
留辺蘂町
37%
虻田町
37%
訓子府町
37%
象潟町
37%
雫石町
37%
鯖江市
37%
鰺ヶ沢町
37%
弓削町
32%
剣淵町
32%
可児市
32%
喬木村
32%
因島市
32%
安堵町
32%
売木村
32%
妹背牛町
32%
音威子府村
32%
頴娃町
32%
岱明町
32%
御嵩町
32%
矢巾町
32%
幕別町
32%
扶桑町
32%
斑鳩町
32%
普代村
32%
羽曳野市
32%
望月町
32%
朽木村
32%
柴田町
32%
磐梯町
32%
植木町
32%
大槌町
32%
大樹町
32%
氏家町
32%
涌谷町
32%
宜野湾市
32%
犀川町
32%
産山村
32%
睦沢町
32%
壮瞥町
32%
碇ヶ関村
32%
坂祝町
32%
矢祭町
32%
牛窓町
32%
聖籠町
32%
白糠町
32%
麻績村
32%
聖籠町
32%
三股町
32%
肱川町
32%
妹背牛町
32%
苅田町
32%
苓北町
32%
猪苗代町
32%
標茶町
32%
蓬田村
32%
虎姫町
32%
大衡村
32%
詫間町
32%
与論町
32%
網走市
32%
身延町
32%
日進市
32%
鋸南町
32%
高鍋町
32%
隼人町
32%
雨竜町
32%
霧島町
32%
葛飾区
32%
大鰐町
32%
鵡川町
32%
烏山町
32%
不知火町
26%
乙部町
26%
足助町
26%
匹見町
26%
更埴市
26%
真壁町
26%
夷隅町
26%
甲奴町
26%
知念村
26%
桑折町
26%
時津町
26%
御杖村
26%
西枇杷島町
26%
青梅市
26%
梼(檮) 檮原町
26%
椴法華村
26%
三潴町
26%
不知火町
26%
曽爾村
26%
牡鹿町
26%
球磨村
26%
男鹿市
26%
常盤村
26%
碓井町
26%
結城市
26%
開聞町
26%
茎崎町
26%
小菅村
26%
菖蒲町
26%
藍住町
26%
観音寺市
26%
加計町
26%
見附市
26%
階上町
26%
霊山町
26%
豊頃町
26%
頸城村
26%
額田町
26%
飛島村
26%
鮫川村
26%
鮭川村
26%
鰍沢町
26%
あきる野市
21%
いわき市
21%
つくば市
21%
えりも町
21%
えりも町
21%
但東町
21%
修善寺町
21%
兼山町
21%
周東町
21%
宍喰町
21%
本埜村
21%
夢前町
21%
知夫村
21%
上対馬町
21%
江差町
21%
庵治町
21%
建部町
21%
日之影町
21%
安心院町
21%
加悦町
21%
笠懸町
21%
伊是名村
21%
梓川村
21%
泰阜村
21%
瓜連町
21%
三瓶町
21%
甚目寺町
21%
赤碕町
21%
箱根町
21%
粉河町
21%
大胡町
21%
英田町
21%
荻町
21%
貞光町
21%
雄踏町
21%
車力村
21%
都農町
21%
江迎町
21%
八郎潟町
21%
鎮西町
21%
伊集院町
21%
鞍手町
21%
騎西町
21%
かつらぎ町
16%
つくば市
16%
千丁町
16%
五個荘町
16%
川副町
16%
車力村
16%
壮瞥町
16%
婦中町
16%
十文字町
16%
師勝町
16%
干潟町
16%
都幾川村
16%
員弁町
16%
北房町
16%
打田町
16%
押水町
16%
挾間町
16%
柵原町
16%
樋脇町
16%
谷汲村
16%
浮羽町
16%
有漢町
16%
片品村
16%
當麻町
16%
上県町
16%
筒賀村
16%
祁答院町
16%
五箇村
16%
精華町
16%
菱刈町
16%
御薗村
16%
蛭川村
16%
衣川村
16%
糸貫町
16%
輝北町
16%
遊佐町
16%
大宇陀町
16%
戸隠村
16%
総領町
16%
犬飼町
16%
鳳来町
16%
鵜殿村
16%
鶯沢町
16%
上齋原村
16%
すさみ町
11%
すさみ町
11%
ひたちなか市
11%
ひたちなか市
11%
ひたちなか市
11%
ひたちなか市
11%
二ツ井町
11%
多伎町
11%
武儀町
11%
本匠村
11%
越廼村
11%
末吉町
11%
笠沙町
11%
浄法寺町
11%
緑町
11%
胆沢町
11%
伊自良村
11%
菟田野町
11%
落合町
11%
藪塚本町
11%
東藻琴村
11%
貴志川町
11%
あきる野市
5%
子持村
5%
倉渕村
5%
笹神村
5%
沼隈町
5%
忠類村
5%
かつらぎ町
0%
肝付町
0%
No matching quizzes found
Score Distribution
Percent of People with Each Score
Percentile by Number Answered
Your Score History
You have not taken this quiz